| 000 | nam a22 7a 4500 | ||
|---|---|---|---|
| 999 |
_c27932 _d27932 |
||
| 008 | 170213b xxu||||| |||| 00| 0 eng d | ||
| 020 | _a9780534424084 | ||
| 050 | _aGE 105 .M55 2004 | ||
| 100 |
_aMiller, Tyler G. _d2004 |
||
| 245 |
_aEnvironmental science: _bWorking with the earth/ _cG. Tyler Miller. |
||
| 250 | _a10th ed. | ||
| 260 |
_aUSA: _bThomson Brooks/ cole, _c2004. |
||
| 300 |
_axxiv, 538, [43]p.: _bill.; _c28cm. |
||
| 521 | _aIncludes bibliographical references and index. | ||
| 650 | _aHuman ecology. | ||
| 942 |
_2lcc _cBOOKS _hGE 105 .M55 2004 |
||